Cultura, conducta y personalidad

Uloženo v:
Podrobná bibliografie
Hlavní autor: Levine, Robert A (Autor)
Médium: Kniha
Jazyk:španělština
Vydáno: Madrid Akal 1977
Edice:Colección Manifiesto. Serie Antropología
Témata:
Tagy: Přidat tag
Žádné tagy, Buďte první, kdo vytvoří štítek k tomuto záznamu!

MARC

LEADER 00000nam a2200000 a 4500
001 UCO5611
003 CL-VaPUC
008 000908e19770000SP |||||||||||||||||spa|d
082 0 4 |a 306  |b LEV  |2 21 
100 |a Levine, Robert A  |e author  |9 454855 
245 1 0 |a Cultura, conducta y personalidad 
300 |a 430 p 
942 |c BK 
945 |d 20000908 00:00:00  |a rbrito 
260 |a Madrid  |b Akal  |c 1977 
650 0 |a Cultura  |9 269059 
650 0 |a Personalidad   |9 307255 
650 0 |a Conducta humana   |9 269906 
650 0 |a Etnografía   |9 309735 
583 |a last modification  |c 20000908 00:00:00  |k Rodrigo Vera 
490 0 |a Colección Manifiesto. Serie Antropología 
999 |c 291461  |d 291459 
952 |0 0  |1 0  |4 0  |6 306_000000000000000_LEV_1977  |7 0  |8 A  |9 341309  |a BIBHIS  |b BIBHIS  |d 2019-11-20  |i 3644707  |o 306 LEV 1977  |p 3644707  |r 2025-01-20  |w 2019-11-20  |y BK  |k HIS